01352nam a22003017a 4500999001700000003000900017005001700026008004100043020001500084040004300099082003100142100006600173245025600239250003300495264008500528300002900613336002600642337003500668338002900703504006300732590001700795650004900812651001000861653002300871655001700894942001200911952012700923 c15900d15900EG-ScBUE20191229103220.0110823s2004 ua f b 000 0 ara d a9772581949 aEG-ScBUEbaraerdadEG-ScBUEcEG-ScBUE04a492.70141bهـ ب ي 2221 926863aهبيل، عبد الرحيم محمد،eمؤلف.10aفلسفة الجمال في البلاغة العربية /cتأليف د. عبد الرحيم محمد الهبيل مشرف أكاديمي بجامعة القدس المفتوحة أستاذ مساعد بجامعة الأقصى سابقا. aالطبعة الأولى. 1aالقاهرة :bالدار العربية للنشر والتوزيع،c2004. a414 صفحة ؛c24 سم 2rdacontentaنصbtxt 2rdamediaaبدون وسيطbn 2rdacarrieraمجلدbnc aيشتمل علي إرجاعات ببليوجرافية. aamira yasser 7927327aالبلاغة العربية.2BUEsh 2BUEsh bGGENcDecember2019 vReading book 2ddccBB 00102ddc40708Alef-BaaaMAINbMAINc2NDd2011-08-23ePurchaseo492.70141 هـ ب يp000024100r2025-07-15 00:00:00yBB